000 00261nam a2200085Ia 4500
245 0 _a50 van die beste tradisionele Suid-Afrikaanse resepte
100 _a Heath, Warren Kaapstad, 2009 1ste uitg
942 _cBK
008 210825s9999 xx 000 0 und d
999 _c571100
_d571099